| 000 | 00345nam a2200133Ia 4500 | ||
|---|---|---|---|
| 008 | 220204s9999 xx 000 0 und d | ||
| 082 |
_a577.3 _bSEN |
||
| 100 | _aSENGER, Horst | ||
| 245 | 0 | _aBlue light effects in biological systems | |
| 260 |
_aBerlin _bSpringer Verlag _c1984 |
||
| 650 | _aBlue light | ||
| 650 | _aPhotoreceptors | ||
| 942 | _cBK | ||
| 999 |
_c39972 _d39972 |
||